| 000 | 00417nam a2200169Ia 4500 | ||
|---|---|---|---|
| 008 | 230524s9999 xx 000 0 und d | ||
| 020 | _a0195686225 | ||
| 082 |
_a621.382 _bLAT |
||
| 100 | _aB.P.Lathi | ||
| 245 | 0 | _aModern Digital and Anolog Communication System | |
| 250 | _a3RD | ||
| 260 |
_aMUMBAI _bOxford _c2005 |
||
| 300 | _aX;778 | ||
| 500 | _aQuantity Number: 132 | ||
| 650 | _aElectronics | ||
| 942 | _cBK | ||
| 999 |
_c17247 _d17247 |
||